1095 1377 1900 1304 1460 1105 1877 1425 1904 1882 1697 1314 1793 1288 1516 1899 1160 1519 1034 1843 1742 1114 1847 1942 1227 1948 1728 1489 1824 1191 1397 1951 1367 1617 1292 1896 1408 1653 1549 1004 1418 1701 1214 1668 1969 1377 1950 1923 1797 1717 1999 1124 1622 1660 1372 1949 1617 1938 1840 1869 1463 1172 1573 1729 1634 1459 1057 1038 1361 1852 1363 1523 1449 1811 1064 1096 1926 1941 1364 1869 1115 1630 1913 1853 1366 1005 1504 1709 1990 1242 1199 1582 1608 1624 1192 1970 1822 1480 1268 BCNSPRNW ULIB Ver.6.0+V

เปลี่ยนเป็นภาษาไทย

Change to English
 แสดงรายละเอียดบรรณานุกรม
  กลับหน้าหลัก

Brief Record : Get Marc (ISO 2709) : E-mail record : QR code < ปิดหน้าต่าง
LEADER : 00000nam 2200000uu 4500
001    13399109232
003     ULIB
008    110324s2544||||th 000 0 tha d
020    9742938938
060 04 WA540.JT3^bส598ร 2544
110 1  สำนักงานปลัดกระทรวงสาธารณสุข.^bสำนักนโยบายและแผนสาธารณสุข
245 00 รายงานสรุปการประเมินผลแผนพัฒนาการสาธารณสุขในช่วงแผนพัฒนาเศรษฐกิจและสังคมแห่งชาติฉบับที่ 8 (พ.ศ.2540-2544) /^cสำนักนโยบายและแผนสาธารณสุข
260    นนทบุรี :^bสำนักนโยบายและแผนสาธารณสุข,^c2544
300    740 หน้า ;^c26 ซม.
650  7 สาธารณสุข^xแผนพัฒนาเศรษฐกิจและสังคมแห่งชาติฉบับที่ 8
710 2  มูลนิธิสาธารณสุขแห่งชาติ
945    ^p0^l0^i013452
995    ทศพร
999 ^a ใช้งานได้ทุกระบบ
รายการนี้ยังไม่มีแท็ก
คุณยังไม่ได้ล็อกอิน คุณสามารถมีกิจกรรมร่วมกับเว็บไซต์ได้ แต่ต้องล็อกอินก่อน ::
  ล็อกอิน

รายการสื่อสารสนเทศ

ลำดับที่ ประเภท เลขเรียก/บาร์โค้ด สถานที่ สถานะ
- ไม่พบข้อมูล -

BibComment


ยังไม่เคยถูกคอมเมนท์

คอมเมนท์ทรัพยากรรายการนี้
  คอมเมนท์: รายงานสรุปการประเ..


 Copyright 2026. Bcnsprnw @Library